Gara-gara tanggul djebol / (Record no. 87553)

MARC details
000 -LEADER
fixed length control field 00599cam a22002171a 4500
001 - CONTROL NUMBER
control field sa 68017163
003 - CONTROL NUMBER IDENTIFIER
control field DLC
005 - DATE AND TIME OF LATEST TRANSACTION
control field 20260227112700.0
008 - FIXED-LENGTH DATA ELEMENTS--GENERAL INFORMATION
fixed length control field 830406s1966 io a 000 1 jav
010 ## - LIBRARY OF CONGRESS CONTROL NUMBER
LC control number sa 68017163
035 ## - SYSTEM CONTROL NUMBER
System control number (OCoLC)9381017
040 ## - CATALOGING SOURCE
Original cataloging agency DLC
Transcribing agency OAU
Modifying agency OAU
-- DLC
042 ## - AUTHENTICATION CODE
Authentication code premarc
050 00 - LIBRARY OF CONGRESS CALL NUMBER
Classification number PL5179.S7
Item number G3
100 0# - MAIN ENTRY--PERSONAL NAME
Personal name Sri Hadidjojo.
245 10 - TITLE STATEMENT
Title Gara-gara tanggul djebol /
Statement of responsibility, etc. karjane Sri Hadidjojo ; gambar Jono S. Wijono.
250 ## - EDITION STATEMENT
Edition statement [Tjap. 1].
260 ## - PUBLICATION, DISTRIBUTION, ETC.
Place of publication, distribution, etc. Sala :
Name of publisher, distributor, etc. Kartika,
Date of publication, distribution, etc. 1966.
300 ## - PHYSICAL DESCRIPTION
Extent 39 p. :
Other physical details ill. ;
Dimensions 15 cm.
440 #0 - SERIES STATEMENT/ADDED ENTRY--TITLE
Title Seri puspita rinontje ;
Volume/sequential designation 2

No items available.

Powered by Koha